[Event "JUG-chT (Women)"]
[Site "Kragujevac"]
[Date "2000.12.12"]
[Round "2"]
[White "Dembo, Yelena"]
[Black "Zatonskih, Anna"]
[Result "1/2-1/2"]
[WhiteElo "2322"]
[BlackElo "2446"]
[PlyCount "150"]
[EventDate "2000.12.11"]
[Source "ChessBase"]
[SourceDate "2001.01.11"]

1. e4 e6 2. d4 d5 3. Nd2 c5 4. Ngf3 cxd4 5. exd5 Qxd5 6. Bc4 Qd8 7. O-O a6 8. Nb3 Qc7 9. Qe2 Bd6 10. Nbxd4 Ne7 11. Re1 Nbc6 12. Nxc6 Nxc6 13. Bd3 Bd7 14. a3 Bf4 15. Qe4 Bxc1 16. Raxc1 O-O-O 17. b4 e5 18. Qc4 Be6 19. Qc5 f6 20. Qe3 Kb8 21. Be4 Ne7 22. c4 Nf5 23. Qc3 Nd4 24. c5 Nxf3+ 25. Bxf3 Bd5 26. Be2 Bc6 27. Rb1 Qd7 28. Rb2 Qd5 29. Bf3 Qd4 30. Qxd4 Rxd4 31. Bxc6 bxc6 32. a4 Rhd8 33. b5 axb5 34. axb5 cxb5 35. Rxb5+ Kc7 36. g3 Kc6 37. Ra5 Rc4 38. Rea1 Rd7 39. Ra8 Rxc5 40. Rc8+ Kd6 41. Rh8 h6 42. Re8 Rcc7 43. Kg2 Re7 44. Rf8 Ra7 45. Rd1+ Ke6 46. Rd2 Kf5 47. Rfd8 Reb7 48. Rg8 Ra1 49. Rc2 Kg6 50. h4 h5 51. Rd8 Re1 52. Rdd2 Rbb1 53. Kf3 Kf5 54. Re2 e4+ 55. Ke3 Rb3+ 56. Kd2 Rxe2+ 57. Kxe2 Rb4 58. f3 exf3+ 59. Kxf3 Rb3+ 60. Kg2 Rd3 61. Rc5+ Kg6 62. Ra5 Re3 63. Ra7 Re6 64. Kf3 Rb6 65. Kf4 Kh6 66. Ra3 Rb4+ 67. Kf3 g5 68. hxg5+ Kxg5 69. Ra5+ Kg6 70. Ra8 h4 71. gxh4 Rxh4 72. Ra5 Rb4 73. Rc5 Rb6 74. Kf4 f5 75. Rc4 Ra6 1/2-1/2

[Event "RUS-Cup07"]
[Site "Togliatty"]
[Date "2001.08.09"]
[Round "2"]
[White "Yandemirov, Valeri"]
[Black "Iljin, Artem"]
[Result "1-0"]
[WhiteElo "2486"]
[BlackElo "2272"]
[PlyCount "65"]
[EventDate "2001.08.08"]
[Source "ChessBase"]
[SourceDate "2001.09.11"]

1. e4 e6 2. d4 d5 3. Nd2 c5 4. exd5 Qxd5 5. Ngf3 cxd4 6. Bc4 Qd8 7. O-O a6 8. Nb3 Qc7 9. Qe2 Bd6 10. Nbxd4 Ne7 11. Rd1 Nbc6 12. Nxc6 Nxc6 13. Qd2 Be7 14. Qf4 Qxf4 15. Bxf4 f6 16. Rd2 e5 17. Be3 g5 18. a3 Bf5 19. b4 Be4 20. Be6 Rd8 21. c4 Rxd2 22. Nxd2 Nd8 23. Bg4 Bd3 24. Bc8 Rg8 25. Rc1 Rg7 26. f3 Bf8 27. Ne4 Bxe4 28. fxe4 Nc6 29. Rf1 Rc7 30. Bg4 Bg7 31. Bb6 Re7 32. Bc5 Rc7 33. Bd6 1-0

[Event "It (Open) Bar SCG"]
[Site "?"]
[Date "2005.03.04"]
[Round "1"]
[White "Brulic Denis"]
[Black "Kosic Dragan"]
[Result "0-1"]
[WhiteElo "2222"]
[BlackElo "2521"]
[PlyCount "92"]
[EventDate "2005.??.??"]
[Source "www.chesslib.no"]
[SourceDate "2004.05.04"]

1. e4 e6 2. d4 d5 3. Nd2 c5 4. exd5 Qxd5 5. Ngf3 cxd4 6. Bc4 Qd8 7. O-O a6 8. Nb3 Qc7 9. Qe2 Bd6 10. Nbxd4 Ne7 11. Re1 Nbc6 12. Be3 O-O 13. c3 Bd7 14. Rad1 Ng6 15. Qd2 Rad8 16. Bg5 Be7 17. Bxe7 Ncxe7 18. Qe2 Nf4 19. Qf1 Neg6 20. Re3 e5 21. Nc2 Bf5 22. Bb3 Rxd1 23. Qxd1 Rd8 24. Qf1 h6 25. Na3 Kh8 26. Qc4 Qxc4 27. Nxc4 f6 28. Re1 Bg4 29. Ncd2 Nd3 30. Rb1 Ngf4 31. Kf1 g5 32. Bc2 Kg7 33. Bb3 Bf5 34. Bc2 Be6 35. Bb3 g4 36. Nh4 Nxf2 37. Bxe6 Nxe6 38. Nc4 Ne4 39. Re1 Nd2+ 40. Nxd2 Rxd2 41. Re2 Rd7 42. g3 h5 43. Kf2 Nc5 44. Ke3 Rd3+ 45. Kf2 Kf7 46. Nf5 Rf3+ 0-1

[Event "JUG-chT (Women)"]
[Site "Kragujevac"]
[Date "2000.12.18"]
[Round "8"]
[White "Bojkovic, Natasa"]
[Black "Kiseleva, Natalia"]
[Result "1/2-1/2"]
[WhiteElo "2420"]
[BlackElo "2323"]
[PlyCount "59"]
[EventDate "2000.12.11"]
[Source "ChessBase"]
[SourceDate "2001.01.11"]

1. e4 e6 2. d4 d5 3. Nd2 c5 4. exd5 Qxd5 5. Ngf3 cxd4 6. Bc4 Qd8 7. O-O a6 8. Nb3 Qc7 9. Qxd4 Nc6 10. Qh4 Bd6 11. Bd2 Nge7 12. Bd3 Ne5 13. Nxe5 Bxe5 14. Rad1 b6 15. Rfe1 Bb7 16. Bc1 O-O-O 17. Qh5 f6 18. f4 Bxf4 19. Bxf4 Qxf4 20. Rxe6 Ng6 21. Qh3 Kc7 22. Rf1 Qg5 23. Rf5 Qxg2+ 24. Qxg2 Bxg2 25. Kxg2 Rxd3 26. cxd3 Nh4+ 27. Kg3 Nxf5+ 28. Kf4 g6 29. Rxf6 Rd8 30. Rf7+ 1/2-1/2

[Event "Amici Sumus LADAC/CAPA (B)"]
[Site "?"]
[Date "1998.??.??"]
[Round "?"]
[White "Pirozzi Horacio Alberto"]
[Black "Llorente Galardy Jorge"]
[Result "1-0"]
[WhiteElo "2360"]
[BlackElo "2380"]
[PlyCount "29"]
[EventDate "1998.??.??"]
[Source "www.chesslib.no"]
[SourceDate "2004.05.04"]

1. e4 e6 2. d4 d5 3. Nd2 c5 4. exd5 Qxd5 5. Ngf3 cxd4 6. Bc4 Qd8 7. O-O a6 8. a4 Nc6 9. Nb3 Qc7 10. Nbxd4 Bd7 11. Qe2 Nxd4 12. Nxd4 Nf6 13. c3 Bd6 14. h3 O-O 15. Rd1 1-0

[Event "Alushta 100"]
[Site "Alushta"]
[Date "2002.04.19"]
[Round "?"]
[White "Pavlov, Maxim"]
[Black "Kozlov, Viktor Mihail"]
[Result "1/2-1/2"]
[WhiteElo "2400"]
[BlackElo "2325"]
[PlyCount "46"]
[EventDate "2002.04.19"]
[Source "ChessBase"]
[SourceDate "2002.07.08"]

1. e4 e6 2. d4 d5 3. Nd2 c5 4. exd5 Qxd5 5. Ngf3 cxd4 6. Bc4 Qd8 7. O-O a6 8. Nb3 Qc7 9. Qxd4 Nc6 10. Qh4 Nf6 11. Bf4 Bd6 12. Bh6 Bf8 13. Rad1 Ne7 14. Qf4 Qxf4 15. Bxf4 b5 16. Be2 Ned5 17. Be5 Be7 18. Nfd4 Bd7 19. Bf3 O-O 20. Rfe1 Rac8 21. Re2 Rfd8 22. a3 Be8 23. Red2 Nd7 1/2-1/2

[Event "SWZ-chT9697"]
[Site "SWZ"]
[Date "1997.??.??"]
[Round "?"]
[White "Gast, Jonathan"]
[Black "Desancic, Miroslav"]
[Result "1-0"]
[WhiteElo "2270"]
[BlackElo "2445"]
[PlyCount "93"]
[EventDate "1997.??.??"]
[Source "www.chesslib.no"]
[SourceDate "2004.05.04"]

1. e4 e6 2. d4 d5 3. Nd2 c5 4. exd5 Qxd5 5. Ngf3 cxd4 6. Bc4 Qd8 7. O-O Nf6 8. Nb3 Be7 9. Nbxd4 O-O 10. Nb5 Bd7 11. Ne5 Nc6 12. Nxd7 Nxd7 13. Bf4 e5 14. Be3 a6 15. Nd6 Nb6 16. Bxb6 Qxb6 17. Nf5 Bf6 18. Qg4 Kh8 19. Nd6 Qc7 20. Ne4 Be7 21. Ng5 Bxg5 22. Qxg5 Nd4 23. Bd3 f6 24. Qh4 g5 25. Qh5 Qg7 26. c3 Ne6 27. Bf5 Nf4 28. Qf3 h5 29. Rad1 g4 30. Qe4 Rad8 31. Qb4 b5 32. Qe4 Qg5 33. Kh1 Qg8 34. b3 Rxd1 35. Rxd1 Rd8 36. Rxd8 Qxd8 37. h3 gxh3 38. g3 Qd1+ 39. Kh2 Ne2 40. Kxh3 Qf1+ 41. Kh4 Qxf2 42. Qa8+ Kg7 43. Qb7+ Kf8 44. Qc8+ Kg7 45. Qd7+ Kf8 46. Qd6+ Kg8 47. Qe6+ 1-0

[Event "RUS-Cup03 (Geller mem)"]
[Site "Moscow"]
[Date "1999.02.14"]
[Round "5"]
[White "Belov, Alexei"]
[Black "Nikitin, Andrey"]
[Result "1-0"]
[WhiteElo "2295"]
[BlackElo "2418"]
[PlyCount "51"]
[EventDate "1999.02.10"]
[Source "ChessBase"]
[SourceDate "1999.06.08"]

1. e4 e6 2. d4 d5 3. Nd2 c5 4. exd5 Qxd5 5. Ngf3 cxd4 6. Bc4 Qd8 7. O-O a6 8. Nb3 Qc7 9. Qxd4 Nc6 10. Qh4 Bd6 11. Bd2 Nge7 12. Bd3 Bd7 13. Rad1 O-O-O 14. Ng5 Ng6 15. Qh3 Nge5 16. Be2 Be7 17. Bf4 Rhf8 18. Ne4 h6 19. Nec5 g5 20. Bg3 f5 21. Rxd7 Rxd7 22. Nxe6 Qb6 23. Nxf8 Bxf8 24. Qxf5 Bd6 25. Rd1 Kc7 26. c4 1-0

[Event "1st League TCh-SCG w"]
[Site "Budva"]
[Date "2003.09.06"]
[Round "8"]
[White "Gaponenko, Inna"]
[Black "Benderac, Ana"]
[Result "1/2-1/2"]
[WhiteElo "2399"]
[BlackElo "2310"]
[PlyCount "178"]
[EventDate "2003.08.29"]
[Source "Roberto Alvarez"]
[SourceDate "2003.10.27"]

1. e4 e6 2. d4 d5 3. Nd2 c5 4. exd5 Qxd5 5. Ngf3 cxd4 6. Bc4 Qd8 7. O-O Nf6 8. Nb3 Nc6 9. Nbxd4 Nxd4 10. Qxd4 Qxd4 11. Nxd4 Bd7 12. Bf4 Rc8 13. Bb3 Bc5 14. Rad1 O-O 15. h3 Rfd8 16. Rd3 Nd5 17. Bg3 Bb6 18. Rfd1 Re8 19. a3 Bxd4 20. Rxd4 Bc6 21. c4 Ne7 22. R4d2 b5 23. cxb5 Bxb5 24. Bd6 g6 25. Ba2 Bc4 26. Bxe7 Bxa2 27. Rd7 a5 28. b4 axb4 29. axb4 Rb8 30. Ra1 Bd5 31. Raa7 Bc6 32. Rdc7 Rec8 33. Bd6 Rxc7 34. Rxc7 Bd5 35. Be5 f6 36. Bxf6 Rxb4 37. Rg7+ Kf8 38. Rxh7 Rb7 39. Rh8+ Kf7 40. Bd4 Rb1+ 41. Kh2 Be4 42. Kg3 Rd1 43. Be3 Rd5 44. Rh7+ Ke8 45. h4 Rd7 46. Rh8+ Kf7 47. f3 Kg7 48. Re8 Kf7 49. Rh8 Kg7 50. Rb8 Bd3 51. Bf4 Bf1 52. Be5+ Kf7 53. Kf2 Bc4 54. Ke3 Rd3+ 55. Kf4 Rd2 56. Rb7+ Kf8 57. g4 Rd5 58. Rb1 Be2 59. Re1 Bd1 60. Re3 Kf7 61. Kg5 Rb5 62. f4 Rb3 63. Re1 Rb1 64. Re3 Rb3 65. Re1 Rb1 66. Rf1 Bc2 67. Rf2 Bd3 68. Rd2 Be4 69. Rd7+ Ke8 70. Rd4 Bf3 71. Rd3 Be2 72. Rd2 Bf3 73. Rf2 Be4 74. Kf6 Rg1 75. g5 Bf5 76. Rd2 Rc1 77. Rh2 Rc2 78. Rxc2 Bxc2 79. Kxe6 Kf8 80. Kf6 Kg8 81. h5 gxh5 82. g6 h4 83. f5 h3 84. Kg5 Bb1 85. f6 Ba2 86. Bh2 Bb3 87. Kg4 Be6+ 88. Kf4 Bb3 89. Ke3 Bf7 1/2-1/2

[Event "Chigorin Memorial"]
[Site "St Petersburg RUS"]
[Date "1995.??.??"]
[Round "8"]
[White "Faibisovich, Vadim Z"]
[Black "Nikitin, Andrey S"]
[Result "1/2-1/2"]
[WhiteElo "2460"]
[BlackElo "2245"]
[PlyCount "121"]
[EventDate "1995.09.??"]
[Source "www.chesslib.no"]
[SourceDate "2004.05.04"]

1. e4 e6 2. d4 d5 3. Nd2 c5 4. Ngf3 cxd4 5. exd5 Qxd5 6. Bc4 Qd8 7. O-O a6 8. Nb3 Qc7 9. Qe2 Bd6 10. Nbxd4 Ne7 11. Re1 Nbc6 12. Nxc6 Nxc6 13. b3 Bb4 14. Bd2 Bxd2 15. Qxd2 O-O 16. Qe2 Bd7 17. Rad1 Rad8 18. Bd3 Qf4 19. Be4 g6 20. c4 Qc7 21. h4 Ne7 22. Qe3 Bc6 23. Bxc6 Nxc6 24. h5 Rxd1 25. Rxd1 Rd8 26. Re1 Qd6 27. hxg6 hxg6 28. Qh6 Qf8 29. Qh4 Qg7 30. Qf4 Qc3 31. Rc1 Nd4 32. Nxd4 Qxd4 33. Qxd4 Rxd4 34. Rc2 Rd1+ 35. Kh2 Kg7 36. Kg3 Kf6 37. c5 Ke5 38. c6 bxc6 39. Rxc6 Rd6 40. Rc7 f6 41. Kf3 g5 42. Ke3 f5 43. Rc5+ Rd5 44. Rxd5+ Kxd5 45. f3 Kc5 46. a3 Kd5 47. g4 a5 48. Kd3 Kc5 49. Kc3 Kd5 50. b4 axb4+ 51. axb4 f4 52. b5 Kc5 53. b6 Kxb6 54. Kd4 Kb5 55. Ke5 Kc4 56. Kxe6 Kd4 57. Kf5 Ke3 58. Kxg5 Kxf3 59. Kh5 Ke4 60. g5 f3 61. g6 1/2-1/2

[Event "EST-ch"]
[Site "Tallinn"]
[Date "1997.??.??"]
[Round "10"]
[White "Zjukin, Sergei"]
[Black "Neff, Sergei"]
[Result "1-0"]
[WhiteElo "2390"]
[BlackElo "2310"]
[PlyCount "59"]
[EventDate "1997.??.??"]
[Source "www.chesslib.no"]
[SourceDate "2004.05.04"]

1. e4 e6 2. d4 d5 3. Nd2 c5 4. Ngf3 cxd4 5. exd5 Qxd5 6. Bc4 Qd8 7. O-O Ne7 8. Nb3 Qc7 9. Qe2 a6 10. Nbxd4 Ng6 11. Bxe6 fxe6 12. Nxe6 Bxe6 13. Qxe6+ Be7 14. Ng5 Qd6 15. Qf7+ Kd8 16. Be3 Kc8 17. Rad1 Qf6 18. Qc4+ Nc6 19. Nf7 Rf8 20. Qg4+ Kb8 21. Qg3+ Nge5 22. Nxe5 Qxe5 23. f4 Qf5 24. c4 Kc7 25. Rd5 Qg6 26. Qf2 Nb4 27. Re5 Rae8 28. f5 Qf7 29. Bf4 Kc8 30. Qa7 1-0

[Event "FIN-ch"]
[Site "Helsinki"]
[Date "1997.??.??"]
[Round "4"]
[White "Lehto, Ville"]
[Black "Manninen, Marko"]
[Result "1/2-1/2"]
[WhiteElo "2315"]
[BlackElo "2380"]
[PlyCount "22"]
[EventDate "1997.??.??"]
[Source "www.chesslib.no"]
[SourceDate "2004.05.04"]

1. e4 e6 2. d4 d5 3. Nd2 c5 4. Ngf3 cxd4 5. exd5 Qxd5 6. Bc4 Qd8 7. O-O a6 8. Nb3 Qc7 9. Qe2 Bd6 10. Nbxd4 Ne7 11. Bd3 Nbc6 1/2-1/2

[Event "Dresden op"]
[Site "?"]
[Date "2000.07.07"]
[Round "1"]
[White "Lau Ralf"]
[Black "Kretzschmann Jens"]
[Result "1-0"]
[WhiteElo "2495"]
[BlackElo "2200"]
[PlyCount "55"]
[EventDate "2000.??.??"]
[Source "www.chesslib.no"]
[SourceDate "2004.05.04"]

1. e4 e6 2. d4 d5 3. Nd2 c5 4. exd5 Qxd5 5. Ngf3 cxd4 6. Bc4 Qd8 7. O-O Nf6 8. Nb3 Be7 9. Nbxd4 O-O 10. c3 Qc7 11. Qe2 a6 12. a4 Nc6 13. Re1 Nxd4 14. Nxd4 e5 15. Nc2 e4 16. h3 h6 17. Be3 Bf5 18. Bd4 Rad8 19. a5 Qf4 20. Ne3 Bg6 21. Ng4 Nd7 22. b3 Kh7 23. Qe3 Qc7 24. Bxg7 Bg5 25. Qd4 Rfe8 26. h4 Nc5 27. hxg5 Rxd4 28. Nf6+ 1-0